| 000 | 00823cam a22002535a 4500 | ||
|---|---|---|---|
| 001 | 17640513 | ||
| 005 | 20161018111847.0 | ||
| 008 | 130227t2013 flua frb 001 0 eng d | ||
| 020 | _a9781466573123 | ||
| 040 |
_aDLC _beng _cDLC _dDLC _dEG-ScBUE |
||
| 082 | 0 | 4 |
_a004.2 _222 _bDHI |
| 100 | 1 | _aDhillon, B. S. | |
| 245 | 1 | 0 |
_aComputer system reliability : _bsafety and usability / _cB. S. Dhillon. |
| 260 |
_aBoca Raton : _bCRC Press / Taylor & Francis, _cc.2013. |
||
| 300 |
_axvii, 231 p. : _bill. ; _c24 cm. |
||
| 500 | _aIndex : p. 227-231. | ||
| 504 | _aBibliography : p. 195-226. | ||
| 650 | 0 |
_aComputer systems _xReliability. _2BUEsh |
|
| 650 | 0 |
_aFault-tolerant computing. _2BUEsh |
|
| 650 | 0 |
_aElectronic digital computers _xReliability. _2BUEsh |
|
| 651 | _2BUEsh | ||
| 653 |
_bCOMAME _cOctober2016 |
||
| 942 | _2ddc | ||
| 999 |
_c22672 _d22644 |
||